000 00189 a2200097 4500
020 _a9781426771897
041 _aeng
100 _aCollins,Ace
245 _aThe Frutcake Murders
942 _cBK
999 _c14868
_d14868